IJCAI 87 : Proceedings of the Tenth International Joint Conference om Artificial Intelligence Vol. , August 23-28, 1987

Gespeichert in:
Bibliographische Detailangaben
Format: Buch
Sprache:Englisch
Veröffentlicht: Los Altos : Morgan Kaufmann Publishers, 1987
Tags: Tag hinzufügen
Keine Tags, Fügen Sie das erste Tag hinzu!

MARC

LEADER 00000nam a22000003a 4500
001 stu285643
005 20141123032249.9
008 140307s--------xxu-----------------eng-d
020 |a 0-934613-43-5 
040 |a STU  |b slo 
041 0 |a eng 
044 |a xxu 
245 |a IJCAI 87 :  |b Proceedings of the Tenth International Joint Conference om Artificial Intelligence Vol. , August 23-28, 1987 
260 |a Los Altos :  |b Morgan Kaufmann Publishers,  |c 1987 
300 |a 599 s 
996 |b 284IK06433  |c I*Z9975  |l I  |s A  |a 24  |w stu285643_0001